000 00681nam a2200193 i 4500
001 127885
003 ES-MaACL
005 20230906193118.0
007 t|
008 070214s1960 sp r ||||1| spa d
100 1 _aRivera Pérez, Luis.
_997664
245 1 0 _aFiebre tifoidea y antibióticos /
_cpor el Dr. Luis Rivera Pérez.
260 _aCuenca :
_b[s. n.],
_c1960 (
_fImp. Conquense)
300 _a19 p. ;
_c21 cm.
500 _aPrecede al tít.: V Reunión de la Sociedad de Medicina y Cirugía de Levante.
650 0 4 _aFiebre tifoidea.
_912776
710 2 _aSociedad de Medicina y Cirugía de Levante.
_bReunión (
_n5ª)
_96680
852 _aES-MaACL
_j2019-F-9
_bR.46268
999 _c127885
_d127885